000 00283nam a2200109Ia 4500
005 20251222175817.0
008 251222s9999||||xx |||||||||||||| ||spa||
082 _aDVD0110/B94/2005
245 0 _aCharlie y la fábrica de chocolate
264 _bVillage Roadshow Pictures
942 _cDVD
999 _c40355
_d40355